000 00813nam a22002777a 4500
001 9728
003 FISKH
005 20260130134040.0
008 260130b cb ||||| |||| 00| 0 eng d
020 _a9780763610180
040 _aFISKH
_beng
_cFISKH
_dFISKH
050 _aPZ7
082 _a373.1
100 _aRoot, Phyllis
_eAuthor
245 _aMouse hunt /
_cPhyllis Root ; illustrated by Katharine McEwen
260 _aGuangdong :
_bCandlewick Press ,
_c2001
300 _a8 unnumbered pages :
_bcolor illustrations ;
_c14 x 20 cm
505 _aC
520 _aTabby cat is looking for a mouse. Will she find one?
521 8 _a50
_bLexile estimate
521 8 _aC
_bRaz-Plus
650 _aAnimals
_vFarm
700 _aMcEwen, Katharine
_eIllustrator
942 _2ddc
_cBK
_n0
999 _c9728
_d9728